000 00582nam a2200193Ia 4500
008 240729s9999 xx 000 0 und d
022 _a1532-2386
245 0 _aInternational Journal of Food Properties
260 _aUnited Kingdom
260 _bTaylor & Francis Group
650 _a Chemical technology
650 _a Food processing and manufacture
650 _a Home economics
650 _a Nutrition. Foods and food supply | Technology
650 _aTechnology
856 _uhttps://doaj.org/toc/edf961fbadd94dd0aebc4fc171f86aa8
942 _2ddc
942 _cDOAJEJ
999 _c69037
_d69037
945 _a1
_bMadushi Gamage
_c1
_dMadushi Gamage